000 00592cam a2200229 4500
001 2682108
005 20180215070846.0
008 721017s1972 nyua bs 000 0 eng
010 _a 74161907
040 _aDLC
_cDLC
_dDLC
041 _aeng
043 _an-mx---
080 _a330.972082 GRI
082 0 0 _a330.972082 GRI
100 1 _a52
101 _aEKO
245 1 0 _aMexican monetary policy and economic development
_c[by] B. Griffiths.
350 _a$15.00
504 _aBibliography: p. 155-161.
906 _a7
_bcbc
_corignew
_d2
_encip
_f19
_gy-gencatlg
942 _2ddc
_cBK
999 _c42656
_d42656